Innovación tecnológica y competitividad empresarial /

Contenido: Innovación, economía y dirección de empresas; La estrategia de innovación; La dirección de recursos humanos en el campo de la dirección estratégica de la innovación; Estructuras organizativas para la innovación; La tecnología: conceptos básicos; Implicaciones estratégicas del factor tecno...

全面介紹

Guardado en:
書目詳細資料
主要作者: Molina Manchón, Hipólito (autor)
其他作者: Conca Flor, Francisco José (autor) (autor)
格式: 圖書
語言:西班牙语
出版: Alicante, España : Universidad de Alicante, 2000, c2000
叢編:(Textos Docentes Universidad de Alicante)
主題:
標簽: 添加標簽
沒有標簽, 成為第一個標記此記錄!

MARC

LEADER 00000nam^a2200000^a^4500
001 000177148
005 20250521000000.0
009 20260310101704.746
020 |a 84-7908-535-5 
037 |a Acervo ITESO - Biblioteca 
041 |a ESP 
082 |a 658. 514  |b MOL 
100 |a Molina Manchón, Hipólito  |e (autor) 
245 1 0 |a Innovación tecnológica y competitividad empresarial /  |c H. Molina Manchón, F.J. Conca Flor 
264 4 |a Alicante, España :  |b Universidad de Alicante,  |c 2000, c2000 
300 |a 207 p. 
336 |a texto  |b txt  |2 rdacontenido 
337 |a sin mediación  |b n  |2 rdamedio 
338 |a volumen  |b nc  |2 rdasoporte 
440 1 |a (Textos Docentes Universidad de Alicante) 
520 |a Contenido: Innovación, economía y dirección de empresas; La estrategia de innovación; La dirección de recursos humanos en el campo de la dirección estratégica de la innovación; Estructuras organizativas para la innovación; La tecnología: conceptos básicos; Implicaciones estratégicas del factor tecnología; La dirección estratégica de la tecnología. 
649 |a XX 
650 |a Tecnología -  |x Administración 
650 |a Tecnología -  |x Aspectos Económicos 
650 |a Transferencia de Tecnología 
650 |a Desarrollo Tecnológico 
650 |a Cambio Organizacional 
650 |a Optimización 
650 |a Desarrollo Organizacional 
650 |a Cultura Organizacional 
650 |a Competitividad 
650 |a Exito Administrativo 
650 |a Toma de Decisiones 
650 |a Control Administrativo 
650 |a Planeación Administrativa 
650 |a Calidad Total 
650 |a Proceso Administrativo -  |x Dirección 
650 |a Ciencias Administrativas 
700 |a Conca Flor, Francisco José  |e (autor) 
910 |a Fondo General 
920 |a Impresos - Libros 
930 |a Colección General 
905 |a 101 
901 |a 0500115696  |b IT1  |c ACC  |u 20250521 
902 |a https://opac.biblio.iteso.mx/vufind/Record/000177148